=LDR 00000nam 2200000 4500 =001 INLIS000000000019777 =005 20200721015017 =035 ##$$a 0010-061300000019777 =008 200721################g##########0#ind## =041 ##$$a ind =082 ##$$a 297.6 =090 ##$$a 297.6, Bas i =100 1#$$a Bastaman, Hanna Jumhana =245 1#$$a Integrasi psikologi dengan Islam menuju psikiologi Islami, /$c Dr. Hanna Jumhana Bastaman =260 ##$$a Yogyakarta :$b Pustaka Pelajar,$c 1995 =300 ##$$a xvi, 243 hlm, ; $c 15 x 23 cm =650 #4$$a Psikologi Agama Islam =850 ##$$a NBPNMAT =020 ##$$a 979-8581-40-7 =084 ##$$a 297.6 BAS i =250 ##$$a cet.1 =990 ##$$a 00045673 =990 ##$$a 00087042 =990 ##$$a 00087042 =990 ##$$a 00045673